[Event "Vrsar op"]
[Site "Vrsar"]
[Date "2023.04.30"]
[Round "8"]
[White "Bozovic, Tatjana"]
[Black "Kekic, Urban"]
[Result "1/2-1/2"]
[WhiteElo "1387"]
[BlackElo "1792"]
[PlyCount "109"]
[EventDate "2023.04.25"]
[EventType "swiss"]
[EventRounds "9"]
[EventCountry "CRO"]
[SourceTitle "CBM 214 Extra"]
[Source "ChessBase"]
[SourceDate "2023.07.31"]
[SourceVersion "1"]
[SourceVersionDate "2023.07.31"]
[SourceQuality "1"]

1. d4 d5 2. c4 c6 3. Nc3 Nf6 4. Nf3 dxc4 5. e4 b5 6. a4 b4 7. Ne2 Nxe4 8. Ng3 Nxg3 9. fxg3 e6 10. Bxc4 Be7 11. 0-0 0-0 12. Qd3 Bb7 13. Bb3 Ba6 14. Bc4 Bxc4 15. Qxc4 Qd5 16. Qe2 Nd7 17. Be3 a5 18. Rf2 Bf6 19. Raf1 Nb6 20. Ne5 Nd7 21. Rxf6 Nxe5 22. dxe5 gxf6 23. Bh6 f5 24. Qe3 f6 25. exf6 Rxf6 26. h4 Rg6 27. Kh2 Qe4 28. Qc1 Rd8 29. Bg5 Rd7 30. Re1 Qd5 31. Qf4 Qd6 32. Qc4 Kf7 33. Bf4 Qd5 34. Qe2 Rg4 35. Qc2 c5 36. Re5 Qd1 37. Qc4 Rd5 38. Qb5 Rxe5 39. Bxe5 Qd5 40. Qb8 Qd7 41. Qh8 Qe7 42. Qxh7+ Kf8 43. Qh6+ Ke8 44. Qd2 c4 45. h5 Qg5 46. Qd6 Qxh5+ 47. Kg1 Qg5 48. Qxe6+ Qe7 49. Qxf5 Rg8 50. Qh5+ Kd7 51. Bf4 Qe6 52. Kf2 Qg6 53. Qd5+ Ke7 54. Qxc4 Qb6+ 55. Kf3 1/2-1/2

[Event "Vrsar op"]
[Site "Vrsar"]
[Date "2023.04.29"]
[Round "7"]
[White "Kekic, Urban"]
[Black "Fattorich, Igor"]
[Result "0-1"]
[WhiteElo "1792"]
[BlackElo "1856"]
[PlyCount "172"]
[EventDate "2023.04.25"]
[EventType "swiss"]
[EventRounds "9"]
[EventCountry "CRO"]
[SourceTitle "CBM 214 Extra"]
[Source "ChessBase"]
[SourceDate "2023.07.31"]
[SourceVersion "1"]
[SourceVersionDate "2023.07.31"]
[SourceQuality "1"]

1. e4 c5 2. Nf3 a6 3. c3 d6 4. d4 cxd4 5. cxd4 Nf6 6. Nc3 g6 7. Bd3 Bg7 8. 0-0 0-0 9. h3 Nc6 10. Be3 Bd7 11. Qd2 Rc8 12. Rac1 Qa5 13. Bh6 Qh5 14. Bxg7 Kxg7 15. Be2 Qa5 16. d5 Nb8 17. Qd4 Qc5 18. Qd2 Qb6 19. Nd4 Rfd8 20. Kh1 Be8 21. Rfd1 Rc5 22. f3 Rdc8 23. a3 Qd8 24. Bd3 h6 25. Nce2 Nbd7 26. Nf4 Nf8 27. b4 Rxc1 28. Rxc1 Bd7 29. Qb2 Rxc1+ 30. Qxc1 Qb6 31. Qc3 e5 32. dxe6 fxe6 33. Nfe2 e5 34. Nc2 g5 35. Bc4 Nh5 36. Qe3 Qc7 37. Bb3 Bb5 38. Kh2 Nf4 39. Nxf4 gxf4 40. Qd2 Bd7 41. Qd3 Kf6 42. Qd2 Ke7 43. Ne1 Qb6 44. Bd5 Kd8 45. Nd3 Qd4 46. Qc2 b5 47. Bb7 Ne6 48. Bd5 Ng5 49. Bb7 Ne6 50. Bd5 Nc7 51. Bb3 Kc8 52. Nf2 Kb7 53. Ng4 Bxg4 54. hxg4 Kb6 55. Ba2 Qa1 56. Qb3 Qe1 57. Bb1 a5 58. bxa5+ Kxa5 59. Bd3 Qd2 60. Bf1 Qd4 61. Bd3 Kb6 62. Bc2 Na6 63. Bd3 Qc5 64. Qb2 Nb8 65. a4 b4 66. Bb5 Na6 67. Bxa6 Kxa6 68. Qa2 Ka5 69. Qb3 Qc3 70. Qd5+ Kxa4 71. Qxd6 b3 72. Qa6+ Kb4 73. Qd6+ Qc5 74. Qb8+ Kc3 75. Qd8 b2 76. Qd1 Qd4 77. Qe1+ Qd2 78. Qb1 Kb3 79. Kh3 Qc2 80. Qf1 b1Q 81. Qb5+ Ka3 82. Qa5+ Qa4 83. Qc3+ Qbb3 84. Qc1+ Ka2 85. Qd2+ Kb1 86. Qe1+ Qd1 0-1

[Event "SLO-chT2 West"]
[Site "Komenda"]
[Date "2021.11.27"]
[Round "2.4"]
[White "Kekic, Urban"]
[Black "Turkovic, Igor"]
[Result "0-1"]
[WhiteElo "1703"]
[BlackElo "1782"]
[PlyCount "160"]
[EventDate "2021.11.27"]
[EventType "team-tourn"]
[EventRounds "7"]
[EventCountry "SLO"]
[SourceTitle "EXT 2024"]
[Source "ChessBase"]
[SourceDate "2023.10.10"]
[SourceVersion "1"]
[SourceVersionDate "2023.10.10"]
[SourceQuality "1"]
[WhiteTeam "Ilirska Bistrica Rinex"]
[BlackTeam "Dolenjske Toplice"]
[WhiteTeamCountry "SLO"]
[BlackTeamCountry "SLO"]

1. e4 c5 2. Nf3 Nc6 3. Bb5 g6 4. Bxc6 bxc6 5. Nc3 Bg7 6. 0-0 Nf6 7. Re1 0-0 8. d3 d6 9. h3 Rb8 10. Rb1 Nh5 11. Bd2 Re8 12. e5 Bh8 13. exd6 exd6 14. b3 Be6 15. Ne4 Bd5 16. Nc3 Qd7 17. Nxd5 cxd5 18. Rxe8+ Rxe8 19. Qf1 d4 20. Re1 Nf6 21. Rxe8+ Qxe8 22. Qe1 Bg7 23. Qxe8+ Nxe8 24. Nh2 f5 25. Kf1 Kf7 26. Nf3 h6 27. Ke2 Nc7 28. a4 Ne6 29. Bc1 g5 30. Bd2 Bf6 31. Nh2 Kg6 32. Kf3 Be5 33. g3 h5 34. Kg2 Nc7 35. Nf3 f4 36. g4 hxg4 37. hxg4 Nd5 38. Nh2 Bf6 39. Nf3 Bd8 40. Nh2 Kf6 41. Kf3 Ke6 42. Kg2 Bf6 43. Nf3 Nb6 44. Ba5 Nd5 45. Bd2 Ne7 46. Bc1 Nc6 47. Bd2 a6 48. Kf1 Bd8 49. Ke2 Kf6 50. Be1 Ba5 51. Bxa5 Nxa5 52. Nd2 d5 53. f3 Nc6 54. Kd1 Ne5 55. Ke2 Ke6 56. Nb1 Kd6 57. c3 dxc3 58. Nxc3 Nc6 59. Kf2 Nd4 60. Ne2 Nxb3 61. Ng1 Ke5 62. Ke2 a5 63. Kd1 c4 64. Kc2 Nd4+ 65. Kc3 cxd3 66. Kxd3 Nb3 67. Nh3 Kf6 68. Ng1 Nc5+ 69. Kd4 Nxa4 70. Kxd5 Nb2 71. Kc5 Nd3+ 72. Kb5 Ne1 73. Kxa5 Ke5 74. Kb4 Kd4 75. Kb3 Ke3 76. Kc3 Nxf3 77. Nh3 Ke2 78. Kc2 Kf1 79. Kd3 Kg2 80. Ke4 Kg3 0-1